|
|
|
|
| LEADER |
01175nam a2200265 a 4500 |
| 001 |
14066779 |
| 008 |
101108s2006 nyua bf 001 0 eng |
| 010 |
|
|
|a 2005051679
|
| 020 |
|
|
|a 0387263713 (alk. paper)
|
| 020 |
|
|
|a 0387288317 (e-book)
|
| 040 |
|
|
|a DLC
|c DLC
|d DLC
|d BD-DhAAL
|
| 082 |
0 |
0 |
|a 006.3/7/015118
|2 22
|
| 245 |
0 |
0 |
|a Handbook of mathematical models in computer vision /
|c edited by Nikos Pargios, Yunmei Chen, Olivier Faugeras.
|
| 260 |
|
|
|a New York :
|b Springer,
|c 2006.
|
| 300 |
|
|
|a xxxiii, 605 p. :
|b ill. ;
|c 24 cm.
|
| 504 |
|
|
|a Includes bibliographical references and index.
|
| 541 |
1 |
|
|e 00018211
|
| 650 |
|
0 |
|a Computer vision
|x Mathematical models
|v Handbooks, manuals, etc.
|
| 700 |
1 |
|
|a Paragios, Nikos.
|
| 700 |
1 |
|
|a Chen, Yunmei.
|
| 700 |
1 |
|
|a Faugeras, Olivier,
|d 1949-
|
| 852 |
4 |
|
|a Ayesha Abed Library
|j General Shelf.
|
| 999 |
|
|
|c 10070
|d 10070
|
| 952 |
|
|
|0 0
|1 0
|2 ddc
|4 0
|6 006_370151180000000_HAN
|7 0
|9 13258
|a BRACUL
|b BRACUL
|c GEN
|d 2010-11-15
|l 0
|o 006.37015118 HAN
|p 3010018211
|r 2010-11-15
|t 1
|w 2010-11-15
|y BK
|
| 952 |
|
|
|0 0
|1 0
|2 ddc
|4 0
|6 006_370151180000000_HAN
|7 0
|9 13259
|a BRACUL
|b BRACUL
|c GEN
|d 2010-11-15
|l 0
|o 006.37015118 HAN
|p 3010018212
|r 2010-11-15
|t 2
|w 2010-11-15
|y BK
|